Devine le joueur de football selon ses clubs #13 - Statistiques

Statistiques générales
  • Ce quiz a été pris 399 fois
  • Le résultat moyen est 3 sur 5
Statistiques - réponses
1er club 2eme club 3ème club 4ème club 5ème club 6ème club 7ème club Joueurs % Correct
Rosaria Central Benfica Real Madrid Manchester United PSG Juventus FC Benfica Angel Di Maria
99%
Danubio FC Palerme FC SSC Naples PSG Manchester United FC Valence Boca Juniors Edison Cavani
79%
CA Talleres CA Huracan US Palerme PSG AS Rome Elche CF Qatar SC Javier Pastore
64%
AJ Auxerre FC Utrecht Francfort West Ham Ajac Amsterdam Dortmund CD Leganés Sebastien Haller
47%
AS Monaco Stade Brestois 29 OL FC Lorient (prêt) AFC Bournemouth FC Lorient (prêt) Stade Brestois 29 (prêt) Romain Faivre
37%
Aucun quiz correspondant
Distribution des résultats
% des personnes avec chaque résultat
Percentile par nombre de réponses
Votre historique - résultats
Vous n’avez pas pris ce quiz